000
00275nam a2200121Ia 4500
008
190216s9999||||xx |||||||||||||| ||und||
100
_a
Sankaran S
245
0
_a
Macroeconomics
260
_b
Margham Publications
_c
1991
300
_a
309p
650
_a
Economics
942
_c
BK
999
_c
10376
_d
10376